| 000 | 01201nam a22003497a 4500 | ||
|---|---|---|---|
| 001 | 00294 | ||
| 003 | DO-SdBNP | ||
| 005 | 20180309121801.0 | ||
| 007 | 00294 | ||
| 008 | 160504b dr 2008||||| |||| 00| 0 spa d | ||
| 020 | _a9789945112207(v. 5) Guía | ||
| 020 | _a9789945112368 (v. 5) Cuaderno | ||
| 040 |
_aBPMSU _bspa _cBPMSU |
||
| 092 |
_a372.257 _bN285e 5to. 2008 |
||
| 245 |
_aNaturaleza 5 : _beducación básica / _cMaría Quírico ... [et al.]; dirección editorial Obdulia García de Escobar |
||
| 260 |
_aSanto Domingo : _bSantillana, _c2008 |
||
| 300 |
_a2 v. : _bil., retrs. _c30 cm. |
||
| 490 | 1 | _aCoral | |
| 500 | _aLa biblioteca posee guía y el cuaderno | ||
| 650 | 4 |
_aCIENCIAS NATURALES _xEDUCACIÓN PRIMARIA |
|
| 650 | 4 |
_aCIENCIAS NATURALES _xENSEÑANZA BÁSICA |
|
| 650 | 4 |
_aCIENCIAS NATURALES _xESTUDIOS Y EJERCICIOS |
|
| 650 | 4 |
_aCIENCIAS NATURALEZ _xLIBROS DE TEXTOS |
|
| 650 | 4 |
_aEDUCACIÓN PRIMARIA _zREPÚBLICA DOMINICANA |
|
| 700 | 1 | 2 | _aQuírico, María |
| 700 | 1 | 2 |
_a García de Escobar, Obdulia _eed. |
| 830 | 0 | _aCoral | |
| 910 | _aValidado. Control de calidad MFF | ||
| 942 |
_2ddc _cBK |
||
| 945 | _a Remanejado para la BNPHU / 2018 VM | ||
| 956 | _aBTAVÁREZ | ||
| 999 |
_c9983 _d9983 |
||